|
|
|
|
| LEADER |
00000nas a2200000 a 4500 |
| 001 |
ssj0036117 |
| 003 |
WaSeSS |
| 005 |
20200512172242.0 |
| 006 |
m d |
| 007 |
cr n |
| 008 |
040726c20059999coubr pss 0 a0eng c |
| 010 |
|
|
|a 2004213212
|
| 016 |
7 |
|
|a 027179974
|2 DE-101
|
| 016 |
7 |
|
|a 2180183-6
|2 DE-600
|
| 016 |
7 |
|
|a 017683125
|2 Uk
|
| 022 |
|
|
|a 1551-5028
|l 1550-7424
|y 1550-7424
|
| 035 |
|
|
|a (WaSeSS)ssj0036117
|
| 037 |
|
|
|b Alliance Communications Group, 810 E. 10th St., Lawrence, KS 66044
|
| 040 |
|
|
|a NSD
|b eng
|c NSD
|d JNA
|d OCLCQ
|d MUQ
|d OCLCQ
|d TXA
|d OCLCQ
|d DLC
|d NSD
|d OCLCQ
|d OCL
|d NSD
|d EYM
|d OCLCQ
|d GBVCP
|d OCLCQ
|d OCLCF
|d VT2
|d OCLCQ
|d DEBBG
|d EZC
|d GILDS
|d OCLCO
|d UKMGB
|d U3W
|d SFB
|d CNMTR
|d WaSeSS
|
| 042 |
|
|
|a nsdp
|a pcc
|
| 050 |
1 |
4 |
|a SF85
|
| 082 |
1 |
0 |
|a 636
|2 13
|
| 130 |
0 |
|
|a Rangeland ecology & management (Online)
|
| 222 |
|
0 |
|a Rangeland ecology & management
|b (Online)
|
| 245 |
1 |
0 |
|a Rangeland ecology & management
|h [electronic resource].
|
| 246 |
3 |
|
|a Rangeland ecology and management
|
| 246 |
1 |
|
|i Also known as:
|a REM
|
| 260 |
|
|
|a Lakewood, Colo. :
|b Society for Range Management,
|c 2005-
|
| 310 |
|
|
|a Bimonthly
|
| 362 |
0 |
|
|a Vol. 58, issue 1 (Jan. 2005)-
|
| 500 |
|
|
|a Title from issue table of contents (SRM site, viewed July 28, 2005).
|
| 506 |
|
|
|a License restrictions may limit access.
|
| 538 |
|
|
|a Mode of access: World Wide Web.
|
| 550 |
|
|
|a A publication of the Society for Range Management.
|
| 588 |
|
|
|a Latest issue consulted: Vol. 58, issue 6 (Nov. 2005) (SRM site, viewed Nov. 30, 2005).
|
| 650 |
|
0 |
|a Range management
|v Periodicals.
|
| 650 |
|
0 |
|a Ranching
|x Environmental aspects
|v Periodicals.
|
| 650 |
|
6 |
|a Pâturages
|x Exploitation
|v Périodiques.
|
| 650 |
|
6 |
|a Ranching
|x Aspect de l'environnement
|v Périodiques.
|
| 650 |
|
7 |
|a Ranching
|x Environmental aspects.
|2 fast
|0 (OCoLC)fst01089781
|
| 650 |
|
7 |
|a Range management.
|2 fast
|0 (OCoLC)fst01089831
|
| 655 |
|
0 |
|a Electronic journals.
|
| 710 |
2 |
|
|a Society for Range Management.
|
| 776 |
0 |
8 |
|i Print version:
|t Rangeland ecology & management
|x 1550-7424
|w (DLC) 2004212721
|w (OCoLC)55602835
|
| 780 |
0 |
0 |
|t Journal of range management (Online)
|w (DLC) 2005263046
|w (OCoLC)50565559
|
| 856 |
4 |
0 |
|z Full text available from Research Library: 01/01/2005 to 6 months ago
|u https://search.proquest.com/publication/29521
|